| 000 | 01363nam0a2200373 4500 | ||
|---|---|---|---|
| 001 | RU\NLR\bibl\928820 | ||
| 005 | 20250614192052.0 | ||
| 010 |
_a5-93109-086-X _9500 |
||
| 021 |
_aRU _b2006-4610 _9218 |
||
| 035 | _a(nilc)RSL-KNO-002837363 | ||
| 035 | _a(NLR Aleph) 000917059 | ||
| 090 |
_a76014 _c76014 |
||
| 100 | _a20060306d2005 |||y0rusy50 ca | ||
| 101 | 0 | _arus | |
| 102 | _aRU | ||
| 105 | _ay ||||||||| | ||
| 106 | _ar | ||
| 200 | 1 |
_aСтановление и развитие инновационной деятельности в России _fР.В. Фролов |
|
| 210 |
_aМосква _cХлебпродинформ _d2005 |
||
| 215 |
_a24 с. _d21 |
||
| 225 | 1 | _aОбзорная информация | |
| 320 | _aБиблиогр.: с. 23 (5 назв.) | ||
| 606 | 1 |
_aИнновационная деятельность _yРоссийская Федерация _92101842 _3RU\NLR\auth\661271084 |
|
| 610 | 0 | _aЭкономика -- Российская Федерация -- Инновации | |
| 686 |
_aУ9(2)0-551.1,0 _2rubbk |
||
| 686 | _aУ9(2)-55(2Р) | ||
| 700 | 1 |
_aФролов _bР. В. _gРоман Владимирович _4070 |
|
| 801 | 0 |
_aRU _bРКП _c20060306 _grcr |
|
| 801 | 1 |
_aRU _bРГБ _c20060306 |
|
| 801 | 2 |
_aRU _bNLR _c20060410 _grcr |
|
| 830 | _aАвт. по кн. | ||
| 942 | _cBOOK | ||
| 980 | _aNB | ||